1094 1650 1556 1733 1628 1050 1424 1373 1913 1710 1084 1508 1668 1005 1080 1668 1658 1993 1255 1424 1182 1384 1031 1213 1787 1988 1245 1888 1871 1298 1626 1124 1284 1497 1843 1424 1395 1631 1566 1370 1768 1224 1854 1927 1005 1674 1191 1916 1917 1015 1334 1785 1248 1155 1260 1166 1883 1041 1504 1460 1192 1140 1933 1860 1468 1610 1315 1531 1810 1377 1212 1097 1936 1832 1106 1949 1425 1682 1144 1208 1417 1414 1211 1295 1633 1091 1216 1940 1326 1591 1062 1731 1628 1846 1955 1384 1871 1102 1745 BCNSPRNW ULIB Ver.6.0+V

เปลี่ยนเป็นภาษาไทย

Change to English
 แสดงรายละเอียดบรรณานุกรม
  กลับหน้าหลัก

Brief Record : Get Marc (ISO 2709) : E-mail record : QR code < ปิดหน้าต่าง
LEADER : 00000nam 2200000uu 4500
001    13399126008
003     ULIB
008    180409s2557||||th 000 0 tha d
020    ^a9786162795794
050  0  ^aBF639 ^bจ412
111  2  ^aการประชุมวิชาการประจำปีจิตตปัญญาศึกษา^n(ครั้งที่ 6 :^d2557 :^cนครปฐม)
245  1  ^aจิตตปัญญาศึกษา-- พลังงานแห่งการฟื้นฟูและสร้างสรรค์สังคม :^bรวมบทความการประชุมวิชาการประจำปีจิตตปัญญาศึกษา ครั้งที่ 6 /^cพจน์ กริชไกรวรรณ, สุปรียส์ กาญจนพิศศาล, บรรณาธิการ.
246  3  ^aรวมบทความการประชุมวิชาการประจำปีจิตตปัญญาศึกษา ครั้งที่ 6
250    ^aพิมพ์ครั้งที่ 1.
260    ^aนครปฐม :^bศูนย์จิตตปัญญาศึกษา มหาวิทยาลัยมหิดล,^c2557.
300    ^a298 หน้า ;^c21 ซม.
650    7 ^aจิตตปัญญาศึกษา.
650    7 ^aจิตตปัญญาศึกษา^xรวมเรื่อง.
700  0  ^aพจน์ กริชไกรวรรณ,^eบรรณาธิการ.
700  0  ^aสุปรียส์ กาญจนพิศศาล,^eบรรณาธิการ.
710  2  ^aมหาวิทยาลัยมหิดล.^bศูนย์จิตตปัญญาศึกษา.
945    ^p280^l0^i003425
999    ^aประนอม เกษจรัล
รายการนี้ยังไม่มีแท็ก
คุณยังไม่ได้ล็อกอิน คุณสามารถมีกิจกรรมร่วมกับเว็บไซต์ได้ แต่ต้องล็อกอินก่อน ::
  ล็อกอิน

รายการสื่อสารสนเทศ

ลำดับที่ ประเภท เลขเรียก/บาร์โค้ด สถานที่ สถานะ
1. วิทยาศาสตร์การแพทย์ และสุขภาพ
วิทยาศาสตร์การแพทย์ และสุขภาพ
BF639 จ412 ฉ.1 
  Barcode: 003425
ห้องสมุดวิทยาเขตสวรรค์ประชารักษ์
►หนังสือทั่วไป
บนชั้น

BibComment


ยังไม่เคยถูกคอมเมนท์

คอมเมนท์ทรัพยากรรายการนี้
  คอมเมนท์: จิตตปัญญาศึกษา..


 Copyright 2026. Bcnsprnw @Library